|
|
|
|
| LEADER |
00000nam0a2200000 4500 |
| 001 |
281575 |
| 005 |
20231101235420.0 |
| 020 |
|
|
|a RU
|b 86-81472
|
| 035 |
|
|
|a (RuTPU)RU\TPU\book\305368
|
| 090 |
|
|
|a 281575
|
| 100 |
|
|
|a 20150123d1986 m y0rusy5003 ca
|
| 101 |
0 |
|
|a rus
|
| 102 |
|
|
|a UA
|
| 105 |
|
|
|a y z 001zy
|
| 200 |
1 |
|
|a Мировоззренческая культура личности (философские проблемы формирования)
|e монография
|f Академия наук Украинской ССР (АН УССР), Институт философии ; под ред. В. П. Иванова
|
| 210 |
|
|
|a Киев
|c Наукова думка
|d 1986
|
| 215 |
|
|
|a 295 с.
|
| 300 |
|
|
|a Авт. указаны на обороте тит. л.
|
| 320 |
|
|
|a Библиогр.: с. 285-291 (163 назв.)
|
| 320 |
|
|
|a Предм. указ.: с. 292-293
|
| 606 |
1 |
|
|a Мировоззрение
|x Социальная философия
|2 stltpush
|3 (RuTPU)RU\TPU\subj\44107
|9 63481
|
| 610 |
1 |
|
|a человек
|
| 610 |
1 |
|
|a мировоззренческая культура
|
| 610 |
1 |
|
|a сознание
|
| 610 |
1 |
|
|a самосознание
|
| 610 |
1 |
|
|a культурно-исторические традиции
|
| 610 |
1 |
|
|a самоопределение
|
| 610 |
1 |
|
|a монографии
|
| 686 |
|
|
|a Ю661
|2 rubbk
|
| 702 |
|
1 |
|a Иванов
|b В. П.
|g Вадим Петрович
|4 340
|
| 712 |
0 |
2 |
|a Академия наук Украинской ССР (АН УССР)
|b Институт философии
|2 stltpush
|3 (RuTPU)RU\TPU\col\12865
|
| 801 |
|
0 |
|a RU
|b RuMRKP
|c 19960705
|g psbo
|
| 801 |
|
1 |
|a RU
|b 63413507
|c 20150123
|
| 801 |
|
2 |
|a RU
|b 63413507
|c 20170526
|g RCR
|
| 942 |
|
|
|c BK
|